第一回にじさんじなわとび大会で10回以上二重跳びしたライバー - Statistics

General Stats
  • This quiz has been taken 29 times
  • The average score is 5 of 15
Answers on the Grid
Answers color-coded by a green-red scale on the quiz's grid according to % correct below.
える
月ノ美兎
モイラ
シスター・クレア
鈴鹿詩子
文野環
森中花咲
夕陽リリ
赤羽葉子
笹木咲
椎名唯華
魔界ノりりむ
社築
緑仙
鷹宮リオン
桜凛月
でびでび・でびる
町田ちま
竜胆尊
郡道美玲
アンジュ・カトリーナ
戌亥とこ
リゼ・ヘルエスタ
愛園愛美
ニュイ・ソシエール
葉加瀬冬雪
夜見れな
相羽ういは
黛灰
天宮こころ
ラトナ・プティ
健屋花那
フミ
白雪巴
ましろ
フレン・E・ルスタリオ
 
Answer Stats
Answer % Correct
社築
65%
緑仙
65%
相羽ういは
65%
竜胆尊
47%
愛園愛美
29%
健屋花那
29%
ましろ
29%
椎名唯華
24%
町田ちま
24%
ラトナ・プティ
24%
白雪巴
24%
桜凛月
18%
リゼ・ヘルエスタ
18%
ニュイ・ソシエール
12%
フミ
12%
No matching quizzes found
Score Distribution
Percent of People with Each Score
Percentile by Number Answered
Your Score History
You have not taken this quiz